Organization & Administration For GD (P) & Non GD Courses (Record no. 314104)

000 -LEADER
fixed length control field 00289 a2200109 4500
001 - CONTROL NUMBER
control field 79031
090 ## - LOCALLY ASSIGNED LC-TYPE CALL NUMBER (OCLC); LOCAL CALL NUMBER (RLIN)
-- 39525
-- 39525
100 ## - MAIN ENTRY--PERSONAL NAME
Personal name Dte of Studies CFT
245 ## - TITLE STATEMENT
Title Organization & Administration For GD (P) & Non GD Courses
Medium English
260 ## - PUBLICATION, DISTRIBUTION, ETC.
Place of publication, distribution, etc. Masoor
Name of publisher, distributor, etc. 2006
Date of publication, distribution, etc. PAF Press Masoor
300 ## - PHYSICAL DESCRIPTION
Extent 143p
942 ## - ADDED ENTRY ELEMENTS (KOHA)
Institution code [OBSOLETE] CAE NUST
Koha item type
Holdings
Withdrawn status Lost status Damaged status Not for loan Collection code Permanent Location Current Location Date acquired Total Checkouts Barcode Date last seen Price effective from Koha item type
          College of Aeronautical Engineering (CAE) College of Aeronautical Engineering (CAE) 04/03/2017   CAEORG-218 04/05/2017 04/05/2017 Book
© 2023 Central Library, National University of Sciences and Technology. All Rights Reserved.